| 000 | 00587nam a22002177a 4500 | ||
|---|---|---|---|
| 005 | 20170124110234.0 | ||
| 010 | _aA-905586 | ||
| 020 |
_c00.00 _a9181856278829 |
||
| 035 | _aA-905586 | ||
| 037 | _bCen Lib/Ret | ||
| 040 |
_aDPL _bEN |
||
| 082 |
_a720 _bPHI |
||
| 100 |
_aPhilips, Alan _941833 |
||
| 245 |
_aWho built that? / _cby Alan Philips |
||
| 260 |
_aLondon _bGrange Books _c1993 |
||
| 270 | _bLondon | ||
| 300 |
_a96p. : _c27m(Hb) _bcol.ill. |
||
| 650 |
_aArchitecture _925172 |
||
| 650 |
_aArchitecture -- Buildings _941834 |
||
| 942 |
_2ddc _cEN _h720 _mPHI |
||
| 999 |
_c134807 _d134807 |
||